000
00301nam a22001337a 4500
008
171012b xxu||||| |||| 00| 0 eng d
020
_a
0534187447
041
_a
eng
080
_2
7TH
_a
316
100
_a
50
101
_a
SOC
245
_a
THE PRACTICE OF SOCIAL RESEARCH
_c
BABBIE,E
942
_2
udc
_c
BK
999
_c
33505
_d
33505